| 000 | 00611nam a2200241Ia 4500 | ||
|---|---|---|---|
| 003 | OSt | ||
| 005 | 20221007073018.0 | ||
| 006 | a|||||r|||| 00| 0 | ||
| 007 | ta | ||
| 008 | 221006b |||||||| |||| 00| 0 eng d | ||
| 024 | _a21,275 | ||
| 037 | _cTextual | ||
| 040 |
_aFLL _cFLL _beng |
||
| 041 |
_2eng _aeng |
||
| 082 | _aZ3,2673, M9 | ||
| 100 | _aCornish W.R. Au. | ||
| 245 | 0 | _aIntellectual property | |
| 250 | _a2nd | ||
| 260 |
_aLondon _bUniversal Pub. England _c1989 |
||
| 300 |
_a525p _ccm. |
||
| 942 |
_hZ3,2673, M9 _cTEXL _2CC |
||
| 999 |
_c1147479 _d1147479 |
||